| 000 | 00728nam a2200217 a 4500 | ||
|---|---|---|---|
| 005 | 20221203063616.0 | ||
| 008 | 030929s2002 es r 000 0 spa d | ||
| 020 | _a8483165236 | ||
| 035 | _aUPN01000129343 | ||
| 049 | _aCG | ||
| 050 | 4 |
_aGV204 E5 _bCH5.3 |
|
| 100 | 1 |
_aChinchilla Minguet, José Luis _930630 |
|
| 245 | 1 | 0 |
_aDidáctica de la educación física / _cJosé Luis Chinchilla Minguet, Ma. Luisa Zagalaz Sánchez. |
| 260 |
_aMadrid : _bCCS, _c2002. |
||
| 300 | _a307 p. | ||
| 440 | 0 |
_aCampus ; _v25 |
|
| 650 | 4 |
_aEDUCACION FISICA - _zESPAÑA - _xHISTORIA _917136 |
|
| 650 | 4 |
_aEDUCACION FISICA - _xESTUDIO Y ENSEÑANZA - _zESPAÑA _917135 |
|
| 700 | 1 |
_aZagalaz Sánchez, María Luisa _ecoaut. _929513 |
|
| 905 | _aLibro | ||
| 999 |
_c101515 _d101515 |
||